Pohjoismaiden suurimmat kaupungit kartalla - Statistics

Yleistilastot
  • Tätä visaa on pelattu 1 409 kertaa
  • Keskiarvotulos 21 / 40
Vastaukset kartalla
Vastauksille on annettu kartalla punavihreä väri sen mukaan, kuinka moni on saanut sen oikein.
 
Vastaustilastot
Ryhmä Kaupunki Väkiluku % Oikein
Suomi Helsinki 648 650
99%
Suomi Oulu 202 753
98%
Suomi Turku 190 935
98%
Norja Oslo 634 463
97%
Suomi Tampere 234 441
97%
Suomi Espoo 281 866
96%
Ruotsi Tukholma 952 058
96%
Suomi Vantaa 226 160
95%
Islanti Reykjavik 124 847
94%
Suomi Jyväskylä 140 812
93%
Tanska Kööpenhamina 591 481
92%
Suomi Kuopio 118 434
90%
Suomi Pori 84 566
89%
Suomi Lahti 119 999
85%
Ruotsi Malmö 334 987
84%
Ruotsi Göteborg 565 496
78%
Norja Bergen 278 121
64%
Ruotsi Uppsala 221 141
54%
Norja Trondheim 190 464
51%
Norja Tromssa 72 681
48%
Tanska Aarhus 330 639
46%
Ruotsi Helsingborg 143 671
37%
Tanska Odense 198 972
36%
Ruotsi Jönköping 137 863
35%
Ruotsi Linköping 158 953
32%
Tanska Aalborg 210 316
31%
Norja Stavanger 130 754
29%
Ruotsi Norrköping 140 991
27%
Ruotsi Örebro 150 949
23%
Norja Kristiansand 90 562
20%
Ruotsi Västerås 150 564
19%
Islanti Akureyri 18 542
15%
Norja Drammen 64 597
14%
Tanska Esbjerg 115 748
12%
Norja Fredrikstad 80 977
9%
Norja Skien 72 537
6%
Islanti Kópavogur 35 966
5%
Norja Sandnes 78 624
5%
Islanti Hafnarfjörður 29 409
3%
Islanti Reykjanesbær 17 555
3%
Ehtoja vastaavia visoja ei löytynyt
Tulosjakauma
Jokaisen tuloksen saaneiden osuus
Persentiili vastausten määrän mukaan
Tuloshistoriasi
Et ole pelannut tätä visaa